01024nam a22002537a 450000500170000000800410001702000150005804000270007304100080010004100080010808200210011624501230013726000460026030000280030649000450033450000370037950400410041654600250045765000690048265100490055170000320060070000270063270001110065920160311020002.0060306s2005 gw ab frb 000 0 mul d a3443500285 aCO-BoIAVH cCO-BoIAVH  aspa aeng04a574.5098bH224c303aLa cordillera occidental colombianabtransecto Tatamaceds. Thomas Van Der Hammen, J. Orlando Rangel, Antoine M. Cleff aBerlin :aStuttgart. bJ. Cramer. c2005. axi, 972 p.bil.e1 Mapa aStudies on tropical andean ecosystemsv6 aResultados del proyecto Ecoandes aIncluye referencias bibliográficas aEspañol e inglés17aEcología de selva lluviosaxInvestigacioneszAndes colombianos 7aAndes colombianosxInvestigacionesvInformes1 aHammen, Thomas Van Dereed.1 aCleef, Antoine M.eed.1 aRangel Churio, Jesús Orlandod1950-uUniversidad Nacional de Colombia (Bogotá). Facultad de Ciencias.